000 01286nam a2200289Ia 4500
008 130821s1963 xxua gs mul
040 _aCo-BoUCM
_bspa
041 0 0 _aspa°aeng°apor°afre
092 _aDVD 0578
245 0 0 _aCorredor sin retorno
_c[DVD]
_c[dirigida por] Samuel Fuller
260 _aWashington D.C. (Estados Unidos)
_bAllied Artists Pictures Corp.
_c1963
300 _a1 DVD
_bson., color
490 0 _aColección Autor
508 _aDirector, Samuel Fuller ; guión, Samuel Fuller ; música, Paul Dunlap ; fotografía : Stanley Cortez & Samuel Fuller.
511 _aPeter Breck, Constance Towers, Gene Evans, James Best, Hari Rhodes, Larry Tucker, Philip Ahn, William Zuckert.
546 _aAudio en Español e Inglés. Subtítulos en Español.
650 0 4 _aEntretenimiento
_926487
650 0 4 _aPelículas cinematográficas
_zEstados Unidos
_vDVD
_97903
650 0 4 _aPelículas de suspenso
_vDVD
_921240
650 0 4 _aPeriodismo
_97909
650 0 4 _aPeriodistas en el cine
_vDVD
_921369
700 1 _aFuller, Samuel Michael
_d1912-1997
_edir
710 2 _aAllied Artists Pictures Corporation
765 _tShock corridor
856 0 4 _uhttp://www.youtube.com/watch?v=UoTBHeKh-Mw
_zSiga este vínculo para ver el trailer.
942 _cMULTIMEDIA
_2LOCAL
_a24
_e1
999 _c63852
_d63852